000 01726nam a22004217a 4500
003 CHAP
005 20220329143534.0
008 100423s2010 mx r 00010 spa d
010 _a98226
011 _a99198
035 _a109883
040 _cCHAP
090 _aTesis
100 1 _aMartínez Tapia, Antonio.
_972547
245 1 0 _aEfectividad biológica de actinovate (streptomyces Iydicus) contra mildiú Pseudoperonospora cubensis (Berk. & M.A. Curtiz) Rostovzev en calabacita Cucurbita pepo L.) en Cuautla, Morelos
_c/por Antonio Martínez Tapia
260 _aChapingo, Méx. :
_bEl autor,
_c2010
300 _av, 42 h. :
_bilus., gráfs.
502 _aTesis (Ing. Agr. Esp. en Parasitología Agrícola) -- UACH. Departamento de Parasitología Agrícola
530 _aTambién disponible en línea
590 _aALEPH
_b10
_c20130110
_lUCH01
_h1534
590 _aBATCH-UPD
_b10
_c20130110
_lUCH01
_h0857
590 _aBATCH-UPD
_b10
_c20130410
_lUCH01
_h0527
590 _aBATCH-UPD
_b10
_c20130914
_lUCH01
_h0748
590 _aBATCH-UPD
_b10
_c20140324
_lUCH01
_h1516
590 _aBATCH-UPD
_b10
_c20141002
_lUCH01
_h0842
590 _aCONVERSION
_b10
_c20130109
_lUCH01
_h1354
650 1 4 _aBremia lactucae.
_915216
650 1 4 _aCalabaza
_xEnfermedades.
_917269
650 1 4 _aCalabaza
_xFisiología y morfología.
_917272
650 1 4 _aFungicidas.
_944044
650 1 4 _aPseudoperonospora cubensis.
_992582
650 1 4 _aStreptomyces.
_9109989
856 _3Finding aid
_uhttp://10.13.5.2/tesis/109883.pdf
_zTeclea aqui
901 _aBK
942 _cTESIS
949 _aTesis
_bBC
_cTES
_d33724002166975
_eTS1
_gDonaciØn
_h50390
_i109883
_sb
949 _aTesis
_bBC
_cTES
_d33724002167017
_eTS1
_fc.2
_gDonaciØn
_h50391
_i109883
_sb
999 _c98226
_d98226